ბათუმის შოთა რუსთაველის სახელმწიფო უნივერსიტეტის ბიბლიოთეკა

ფიზიკური აღზრდისა და სპორტის თეორიისა და მეთოდიკის საფუძვლები (მე–3 ნაწილი) (ბიბ.ჩანაწერი № 36589)

000 -LEADER
fixed length control field 00894nam a2200217Ia 4500
001 - CONTROL NUMBER
control field 2508
003 - CONTROL NUMBER IDENTIFIER
control field GE_BSU
008 - FIXED-LENGTH DATA ELEMENTS--GENERAL INFORMATION
fixed length control field 181216s||||||||xx |||||||||||||| ||und||
020 ## - INTERNATIONAL STANDARD BOOK NUMBER
International Standard Book Number 9789994037223
040 ## - CATALOGING SOURCE
Transcribing agency GE_BSU
080 ## - UNIVERSAL DECIMAL CLASSIFICATION NUMBER
Universal Decimal Classification number 796(075.8)
245 ## - TITLE STATEMENT
Title ფიზიკური აღზრდისა და სპორტის თეორიისა და მეთოდიკის საფუძვლები (მე–3 ნაწილი)
245 ## - TITLE STATEMENT
Remainder of title სპორტის თეორია დამხმარე სახელმძღვანელო
245 ## - TITLE STATEMENT
Statement of responsibility, etc. [რედ გიული კახიძე]
260 ## - PUBLICATION, DISTRIBUTION, ETC.
Place of publication, distribution, etc. თბილისი
260 ## - PUBLICATION, DISTRIBUTION, ETC.
Date of publication, distribution, etc. 2007
300 ## - PHYSICAL DESCRIPTION
Extent 216 გვ.
653 ## - INDEX TERM--UNCONTROLLED
Uncontrolled term ფიზიკური აღზრდისა და მეთოდიკის საფუძვლები
942 ## - ADDED ENTRY ELEMENTS (KOHA)
Koha item type წიგნი
ეგზემპლარები
Withdrawn status Lost status Damaged status Not for loan Date acquired Barcode Date last seen Price effective from Koha item type
        2018-12-17 1106 2018-12-17 2018-12-17 წიგნი